Mississippi State Quiz - Statistics

General Stats
  • This quiz has been taken 168 times
  • The average score is 6 of 12
Answer Stats
Hint Answer % Correct
Capital Jackson
100%
Fifth largest city Biloxi
77%
Second largest city Gulfport
63%
Fourth largest city Hattiesburg
62%
Above is on what river Pearl River
60%
Third largest city Southaven
50%
Above is in what mountain range Appalachian Mountains
42%
Largest lake Sardis Lake
37%
Highest point Woodall Mountain
26%
Above is on what river Leaf River
17%
Above is on what river Yazoo River
15%
Above is across from what national Seashore? Gulf Islands National Seashore
12%
No matching quizzes found
Score Distribution
Percent of People with Each Score
Percentile by Number Answered
Your Score History
You have not taken this quiz